[Event "34ème Open International d'Avoine"]
[Site "AVOINE"]
[Date "2019.07.20"]
[Round "7.5"]
[White "Eden, James"]
[Black "Bailet, Pierre"]
[Result "*"]
[WhiteElo "2343"]
[BlackElo "2494"]
[PlyCount "149"]
[EventDate "2019.??.??"]
[WhiteTeam "U.S.Villejuif Echecs"]
[BlackTeam "Vandoeuvre-Echecs"]

1. e4 {[%emt 0:00:05]} c5 {[%emt 0:00:23]} 2. Nf3 {[%emt 0:00:18]} d6 {
[%emt 0:00:00]} 3. d4 {[%emt 0:00:27]} Nf6 {[%emt 0:00:33]} 4. Nc3 {
[%emt 0:01:08]} cxd4 {[%emt 0:00:17]} 5. Nxd4 {[%emt 0:00:08]} a6 {
[%emt 0:01:15]} 6. h3 {[%emt 0:01:50]} e5 {[%emt 0:03:18]} 7. Nde2 {
[%emt 0:00:21]} b5 {[%emt 0:02:41]} 8. g4 {[%emt 0:11:58]} b4 {[%emt 0:02:19]}
9. Nd5 {[%emt 0:01:05]} Nxd5 {[%emt 0:00:27]} 10. Qxd5 {[%emt 0:07:30]} Ra7 {
[%emt 0:00:15]} 11. Be3 {[%emt 0:00:29]} Be6 {[%emt 0:05:10]} 12. Qd2 {
[%emt 0:02:52]} Rb7 {[%emt 0:04:53]} 13. Bg2 {[%emt 0:08:01]} Nc6 {
[%emt 0:28:21]} 14. O-O {[%emt 0:03:08]} Be7 {[%emt 0:02:19]} 15. Rac1 {
[%emt 0:04:56]} O-O {[%emt 0:05:37]} 16. c4 {[%emt 0:00:00]} b3 {[%emt 0:06:08]
} 17. a3 {[%emt 0:09:44]} Na5 {[%emt 0:01:49]} 18. Qd3 {[%emt 0:00:59]} Qc7 {
[%emt 0:05:27]} 19. c5 {[%emt 0:12:09]} dxc5 {[%emt 0:00:18]} 20. Nc3 {
[%emt 0:01:35]} Nc4 {[%emt 0:06:45]} 21. Qe2 {[%emt 0:05:24]} Nxe3 {
[%emt 0:02:40]} 22. fxe3 {[%emt 0:00:21]} Rb6 {[%emt 0:03:06]} 23. Nd5 {
[%emt 0:06:30]} Bxd5 {[%emt 0:00:08]} 24. exd5 {[%emt 0:00:06]} g6 {
[%emt 0:00:00]} 25. Be4 {[%emt 0:01:25]} Qd8 {[%emt 0:01:44]} 26. Qd3 {
[%emt 0:02:42]} Bd6 {[%emt 0:00:59]} 27. Rf3 {[%emt 0:03:55]} Qd7 {
[%emt 0:03:38]} 28. Kh1 {[%emt 0:02:07]} Qb5 {[%emt 0:02:04]} 29. Rc4 {
[%emt 0:00:55]} Kg7 {[%emt 0:02:00]} 30. Qf1 {[%emt 0:01:50]} Be7 {
[%emt 0:01:33]} 31. Qd3 {[%emt 0:02:12]} Rf6 {[%emt 0:02:32]} 32. Rxf6 {
[%emt 0:01:33]} Bxf6 {[%emt 0:00:08]} 33. Kg2 {[%emt 0:07:46]} Be7 {
[%emt 0:01:10]} 34. Rc3 {[%emt 0:01:51]} Qa4 {[%emt 0:03:00]} 35. Rc4 {
[%emt 0:01:29]} Qa5 {[%emt 0:00:30]} 36. Rc3 {[%emt 0:00:30]} Rd8 {
[%emt 0:02:50]} 37. Qc4 {[%emt 0:00:41]} Rb8 {[%emt 0:00:24]} 38. Kf1 {
[%emt 0:00:15]} Qb6 {[%emt 0:00:42]} 39. Ke2 {[%emt 0:00:16]} Bd6 {
[%emt 0:00:55]} 40. Qd3 {[%emt 0:00:17]} Rb7 {[%emt 0:01:05]} 41. Qc4 {
[%emt 0:13:11]} Rb8 {[%emt 0:13:21]} 42. Bd3 {[%emt 0:05:47]} a5 {
[%emt 0:04:02]} 43. Qa4 {[%emt 0:00:00]} Qd8 {[%emt 0:05:57]} 44. Rxb3 {
[%emt 0:03:43]} Rxb3 {[%emt 0:02:43]} 45. Qxb3 {[%emt 0:04:06]} Qh4 {
[%emt 0:00:19]} 46. Qb6 {[%emt 0:00:39]} Bf8 {[%emt 0:00:34]} 47. Qc7 {
[%emt 0:02:23]} Qxh3 {[%emt 0:02:24]} 48. Qxe5+ {[%emt 0:01:05]} Kg8 {
[%emt 0:00:08]} 49. g5 {[%emt 0:03:00]} Qd7 {[%emt 0:06:00]} 50. Kd2 {
[%emt 0:03:30]} Qd8 {[%emt 0:01:26]} 51. Qf4 {[%emt 0:08:58]} Qxd5 {
[%emt 0:01:36]} 52. Kc2 {[%emt 0:00:11]} Bd6 {[%emt 0:01:42]} 53. Qf6 {
[%emt 0:01:06]} Be5 {[%emt 0:01:16]} 54. Qf1 {[%emt 0:00:12]} a4 {
[%emt 0:07:00]} 55. Kb1 {[%emt 0:05:13]} Qb3 {[%emt 0:03:24]} 56. Qe2 {
[%emt 0:00:12]} Qb7 {[%emt 0:02:43]} 57. Bc4 {[%emt 0:00:39]} Kg7 {
[%emt 0:00:58]} 58. Ka2 {[%emt 0:00:33]} Qe4 {[%emt 0:01:03]} 59. Qf1 {
[%emt 0:02:09]} f6 {[%emt 0:00:34]} 60. gxf6+ {[%emt 0:01:03]} Bxf6 {
[%emt 0:00:07]} 61. Qd3 {[%emt 0:00:50]} Qb7 {[%emt 0:09:47]} 62. Qe2 {
[%emt 0:01:46]} h5 {[%emt 0:00:12]} 63. Bb5 {[%emt 0:00:00]} Qe4 {
[%emt 0:01:01]} 64. Bd3 {[%emt 0:00:19]} Qd5+ {[%emt 0:00:17]} 65. Bc4 {
[%emt 0:00:21]} Qe4 {[%emt 0:00:34]} 66. Bd3 {[%emt 0:00:17]} Qe5 {
[%emt 0:00:56]} 67. Bb5 {[%emt 0:00:46]} h4 {[%emt 0:00:46]} 68. Bxa4 {
[%emt 0:00:31]} h3 {[%emt 0:00:08]} 69. Qb5 {[%emt 0:00:15]} Kh6 {
[%emt 0:00:47]} 70. Bc2 {[%emt 0:01:44]} Qd5+ {[%emt 0:01:09]} 71. Qb3 {
[%emt 0:02:02]} c4 {[%emt 0:00:00]} 72. Qb6 {[%emt 0:00:19]} c3+ {
[%emt 0:00:53]} 73. Qb3 {[%emt 0:01:18]} Qxb3+ {[%emt 0:00:37]} 74. Bxb3 {
[%emt 0:00:34]} h2 {[%emt 0:01:12]} 75. Bc2 {
Eden,J (2343)-Bailet,P (2494) Avoine, France 2019} *

[Event "34ème Open International d'Avoine"]
[Site "AVOINE"]
[Date "2019.07.20"]
[Round "7.6"]
[White "Abergel, Thal"]
[Black "Hautot, Stephane"]
[Result "1-0"]
[WhiteElo "2450"]
[BlackElo "2328"]
[PlyCount "81"]
[EventDate "2019.??.??"]
[WhiteTeam "Grasse Echecs"]
[BlackTeam "Club d'Echecs Metz Fischer"]

1. Nf3 {[%emt 0:00:00]} d5 {[%emt 0:02:33]} 2. c4 {[%emt 0:00:28]} c6 {
[%emt 0:00:00]} 3. g3 {[%emt 0:00:35]} Nf6 {[%emt 0:00:10]} 4. Bg2 {
[%emt 0:00:42]} Bf5 {[%emt 0:01:31]} 5. b3 {[%emt 0:00:45]} h6 {[%emt 0:03:26]}
6. Bb2 {[%emt 0:00:00]} e6 {[%emt 0:00:20]} 7. d3 {[%emt 0:00:32]} Be7 {
[%emt 0:00:57]} 8. Nbd2 {[%emt 0:00:10]} O-O {[%emt 0:00:27]} 9. O-O {
[%emt 0:00:04]} Nbd7 {[%emt 0:00:00]} 10. a3 {[%emt 0:00:22]} a5 {
[%emt 0:00:44]} 11. Qb1 {[%emt 0:00:46]} Qb6 {[%emt 0:04:23]} 12. Bc3 {
[%emt 0:04:21]} Rfe8 {[%emt 0:08:39]} 13. Qb2 {[%emt 0:14:18]} Bf8 {
[%emt 0:18:05]} 14. b4 {[%emt 0:14:35]} axb4 {[%emt 0:12:25]} 15. axb4 {
[%emt 0:00:09]} Qc7 {[%emt 0:02:46]} 16. Rxa8 {[%emt 0:19:13]} Rxa8 {
[%emt 0:01:45]} 17. Ra1 {[%emt 0:04:14]} Rxa1+ {[%emt 0:13:55]} 18. Qxa1 {
[%emt 0:00:04]} dxc4 {[%emt 0:00:14]} 19. dxc4 {[%emt 0:00:27]} Ne4 {
[%emt 0:00:00]} 20. Nxe4 {[%emt 0:01:29]} Bxe4 {[%emt 0:00:03]} 21. Qa7 {
[%emt 0:01:51]} Qb6 {[%emt 0:13:26]} 22. Qa8 {[%emt 0:02:11]} Qc7 {
[%emt 0:00:32]} 23. Nd2 {[%emt 0:06:07]} Bxg2 {[%emt 0:00:43]} 24. Kxg2 {
[%emt 0:00:06]} Qb8 {[%emt 0:00:00]} 25. Qa1 {[%emt 0:00:08]} f6 {
[%emt 0:01:35]} 26. c5 {[%emt 0:06:02]} b6 {[%emt 0:02:32]} 27. Qa6 {
[%emt 0:10:54]} Qc7 {[%emt 0:03:29]} 28. Qc4 {[%emt 0:00:28]} Kf7 {
[%emt 0:00:09]} 29. Nb3 {[%emt 0:01:43]} bxc5 {[%emt 0:02:10]} 30. bxc5 {
[%emt 0:01:26]} Qa7 {[%emt 0:04:25]} 31. Qd4 {[%emt 0:08:34]} Nb8 {
[%emt 0:02:05]} 32. Qc4 {[%emt 0:06:15]} Qa6 {[%emt 0:00:58]} 33. Qf4 {
[%emt 0:00:00]} Qb7 {[%emt 0:01:53]} 34. Na5 {[%emt 0:00:23]} Qc8 {
[%emt 0:00:13]} 35. Bd4 {[%emt 0:02:22]} Nd7 {[%emt 0:01:07]} 36. Qf3 {
[%emt 0:00:16]} e5 {[%emt 0:00:00]} 37. Qb3+ {[%emt 0:00:12]} Kg6 {
[%emt 0:00:18]} 38. Be3 {[%emt 0:00:21]} Qa6 {[%emt 0:00:36]} 39. Nc4 {
[%emt 0:00:40]} Nxc5 {[%emt 0:00:57]} 40. Bxc5 {[%emt 0:00:09]} Bxc5 {
[%emt 0:00:02]} 41. Qd3+ {
1-0 (41) Abergel,T (2450)-Hautot,S (2328) Avoine, France 2019 [%emt 0:00:08]}
1-0

[Event "34ème Open International d'Avoine"]
[Site "AVOINE"]
[Date "2019.07.20"]
[Round "7.7"]
[White "Heurtebize, Olivier"]
[Black "Vedmediuc, Serghei"]
[Result "*"]
[WhiteElo "2298"]
[BlackElo "2450"]
[PlyCount "136"]
[EventDate "2019.??.??"]
[WhiteTeam "Echiquier Tourangeau"]
[BlackTeam "Mulhouse Philidor"]

1. Nf3 {[%emt 0:00:02]} g6 {[%emt 0:01:06]} 2. g3 {[%emt 0:00:08]} Bg7 {
[%emt 0:00:06]} 3. Bg2 {[%emt 0:00:03]} c5 {[%emt 0:03:34]} 4. O-O {
[%emt 0:01:25]} Nc6 {[%emt 0:00:08]} 5. c4 {[%emt 0:02:56]} e6 {[%emt 0:02:15]}
6. e3 {[%emt 0:00:00]} Nge7 {[%emt 0:00:33]} 7. Nc3 {[%emt 0:04:09]} O-O {
[%emt 0:10:29]} 8. a3 {[%emt 0:06:44]} d5 {[%emt 0:10:26]} 9. cxd5 {
[%emt 0:06:16]} exd5 {[%emt 0:00:00]} 10. d4 {[%emt 0:00:07]} b6 {
[%emt 0:00:20]} 11. dxc5 {[%emt 0:04:31]} bxc5 {[%emt 0:00:08]} 12. Na4 {
[%emt 0:00:12]} c4 {[%emt 0:01:38]} 13. Bd2 {[%emt 0:00:28]} Rb8 {
[%emt 0:00:13]} 14. Bc3 {[%emt 0:02:42]} Bxc3 {[%emt 0:02:00]} 15. Nxc3 {
[%emt 0:00:11]} Rxb2 {[%emt 0:00:21]} 16. Nd4 {[%emt 0:00:02]} Ne5 {
[%emt 0:04:17]} 17. Qa4 {[%emt 0:04:20]} Qb6 {[%emt 0:17:58]} 18. Rab1 {
[%emt 0:14:53]} Bd7 {[%emt 0:23:32]} 19. Rxb2 {[%emt 0:00:59]} Qxb2 {
[%emt 0:00:00]} 20. Qb4 {[%emt 0:03:08]} Qxb4 {[%emt 0:01:27]} 21. axb4 {
[%emt 0:00:01]} Be6 {[%emt 0:00:14]} 22. Ra1 {[%emt 0:00:24]} Rb8 {
[%emt 0:11:11]} 23. b5 {[%emt 0:00:11]} Rb7 {[%emt 0:00:06]} 24. Ra6 {
[%emt 0:03:09]} Bc8 {[%emt 0:01:00]} 25. Bxd5 {[%emt 0:01:48]} Rd7 {
[%emt 0:00:46]} 26. Bc6 {[%emt 0:01:58]} N5xc6 {[%emt 0:07:24]} 27. bxc6 {
[%emt 0:00:08]} Rxd4 {[%emt 0:00:04]} 28. Rxa7 {[%emt 0:00:08]} Rd3 {
[%emt 0:00:10]} 29. Rxe7 {[%emt 0:00:14]} Bh3 {[%emt 0:00:00]} 30. f3 {
[%emt 0:01:06]} Kf8 {[%emt 0:02:55]} 31. Re4 {[%emt 0:02:26]} Rxc3 {
[%emt 0:00:54]} 32. g4 {[%emt 0:00:01]} Ra3 {[%emt 0:00:29]} 33. c7 {
[%emt 0:00:50]} Ra8 {[%emt 0:00:02]} 34. Rxc4 {[%emt 0:00:11]} Rc8 {
[%emt 0:00:00]} 35. Kf2 {[%emt 0:15:21]} h5 {[%emt 0:00:01]} 36. gxh5 {
[%emt 0:00:12]} gxh5 {[%emt 0:00:00]} 37. Kg3 {[%emt 0:01:07]} Be6 {
[%emt 0:03:39]} 38. Rc1 {[%emt 0:02:35]} f6 {[%emt 0:00:29]} 39. Rc5 {
[%emt 0:02:25]} Bf7 {[%emt 0:00:00]} 40. Kf4 {[%emt 0:00:20]} Bg6 {
[%emt 0:02:06]} 41. h4 {[%emt 0:01:34]} Ke7 {[%emt 0:02:25]} 42. Rc6 {
[%emt 0:00:33]} Be8 {[%emt 0:00:17]} 43. Rc4 {[%emt 0:01:14]} Bd7 {
[%emt 0:09:03]} 44. Rc5 {[%emt 0:00:29]} Rh8 {[%emt 0:00:03]} 45. Ke4 {
[%emt 0:05:12]} Kd6 {[%emt 0:01:27]} 46. Kd4 {[%emt 0:00:20]} f5 {
[%emt 0:06:49]} 47. e4 {[%emt 0:02:22]} fxe4 {[%emt 0:00:53]} 48. fxe4 {
[%emt 0:00:02]} Bg4 {[%emt 0:00:15]} 49. e5+ {[%emt 0:01:30]} Kd7 {
[%emt 0:00:38]} 50. Ke4 {[%emt 0:00:31]} Rc8 {[%emt 0:02:27]} 51. Kf4 {
[%emt 0:02:10]} Rxc7 {[%emt 0:00:23]} 52. e6+ {[%emt 0:00:27]} Kd6 {
[%emt 0:00:02]} 53. Rxc7 {[%emt 0:00:52]} Kxc7 {[%emt 0:00:01]} 54. Ke5 {
[%emt 0:00:04]} Kd8 {[%emt 0:00:09]} 55. Kf6 {[%emt 0:00:05]} Ke8 {
[%emt 0:00:05]} 56. e7 {[%emt 0:00:14]} Bd1 {[%emt 0:00:09]} 57. Ke6 {
[%emt 0:00:08]} Bb3+ {[%emt 0:00:07]} 58. Kf6 {[%emt 0:00:48]} Bf7 {
[%emt 0:00:02]} 59. Ke5 {[%emt 0:00:31]} Kxe7 {[%emt 0:00:02]} 60. Kf5 {
[%emt 0:00:18]} Be8 {[%emt 0:00:11]} 61. Kg5 {[%emt 0:00:36]} Ke6 {
[%emt 0:00:09]} 62. Kf4 {[%emt 0:00:02]} Kf6 {[%emt 0:00:10]} 63. Ke4 {
[%emt 0:00:00]} Bf7 {[%emt 0:00:16]} 64. Kf4 {[%emt 0:00:24]} Bg6 {
[%emt 0:00:07]} 65. Ke3 {[%emt 0:00:10]} Ke5 {[%emt 0:00:07]} 66. Kf3 {
[%emt 0:00:07]} Kf5 {[%emt 0:00:06]} 67. Kg3 {[%emt 0:00:06]} Ke4 {
[%emt 0:00:02]} 68. Kh3 {[%emt 0:00:12]} Kf4 {
Heurtebize,O (2298)-Vedmediuc,S (2450) Avoine, France 2019 [%emt 0:00:03]} *

[Event "34ème Open International d'Avoine"]
[Site "AVOINE"]
[Date "2019.07.20"]
[Round "7.8"]
[White "Burri, Quentin"]
[Black "Bouget, Alexandre"]
[Result "1-0"]
[WhiteElo "2422"]
[BlackElo "2275"]
[PlyCount "117"]
[EventDate "2019.??.??"]
[WhiteTeam "Mulhouse Philidor"]
[BlackTeam "Echiquier Guingampais"]

1. e4 {[%emt 0:00:02]} e5 {[%emt 0:00:21]} 2. Nf3 {[%emt 0:00:06]} Nc6 {
[%emt 0:00:04]} 3. Bb5 {[%emt 0:00:10]} a6 {[%emt 0:00:06]} 4. Ba4 {
[%emt 0:00:03]} Nf6 {[%emt 0:00:05]} 5. O-O {[%emt 0:01:52]} b5 {[%emt 0:00:06]
} 6. Bb3 {[%emt 0:00:04]} Bb7 {[%emt 0:00:05]} 7. d3 {[%emt 0:00:36]} Bc5 {
[%emt 0:00:07]} 8. Be3 {[%emt 0:01:10]} d6 {[%emt 0:00:36]} 9. Bxc5 {
[%emt 0:09:15]} dxc5 {[%emt 0:00:25]} 10. a4 {[%emt 0:06:57]} O-O {
[%emt 0:07:54]} 11. Na3 {[%emt 0:16:55]} c4 {[%emt 0:09:55]} 12. axb5 {
[%emt 0:01:16]} axb5 {[%emt 0:00:20]} 13. dxc4 {[%emt 0:00:09]} b4 {
[%emt 0:01:17]} 14. Qxd8 {[%emt 0:00:37]} Rfxd8 {[%emt 0:00:00]} 15. Nb5 {
[%emt 0:00:21]} Rxa1 {[%emt 0:00:54]} 16. Rxa1 {[%emt 0:00:05]} Nxe4 {
[%emt 0:00:12]} 17. Nxc7 {[%emt 0:00:49]} Nc5 {[%emt 0:00:09]} 18. Nd5 {
[%emt 0:04:50]} f6 {[%emt 0:05:43]} 19. Ne1 {[%emt 0:16:35]} Kf8 {
[%emt 0:42:00]} 20. Kf1 {[%emt 0:04:30]} Rb8 {[%emt 0:14:47]} 21. Nf3 {
[%emt 0:08:18]} Bc8 {[%emt 0:03:06]} 22. Ba4 {[%emt 0:03:57]} Ra8 {
[%emt 0:06:28]} 23. Nb6 {[%emt 0:00:24]} Ra6 {[%emt 0:00:03]} 24. Nxc8 {
[%emt 0:00:20]} Rxa4 {[%emt 0:00:00]} 25. Rxa4 {[%emt 0:01:06]} Nxa4 {
[%emt 0:00:00]} 26. b3 {[%emt 0:00:16]} Nc5 {[%emt 0:00:12]} 27. Ke2 {
[%emt 0:05:01]} Kf7 {[%emt 0:02:53]} 28. Nb6 {[%emt 0:00:00]} Ke6 {
[%emt 0:00:07]} 29. Nd5 {[%emt 0:02:29]} h6 {[%emt 0:01:42]} 30. Ne1 {
[%emt 0:03:29]} e4 {[%emt 0:02:50]} 31. Ke3 {[%emt 0:02:48]} f5 {[%emt 0:00:00]
} 32. f3 {[%emt 0:07:52]} g5 {[%emt 0:00:05]} 33. fxe4 {[%emt 0:04:30]} fxe4 {
[%emt 0:00:06]} 34. c3 {[%emt 0:00:44]} bxc3 {[%emt 0:01:40]} 35. b4 {
[%emt 0:02:27]} Nb3 {[%emt 0:00:55]} 36. Kxe4 {[%emt 0:00:20]} Nd2+ {
[%emt 0:00:00]} 37. Kd3 {[%emt 0:00:06]} Ne5+ {[%emt 0:00:40]} 38. Kxc3 {
[%emt 0:00:07]} Ndxc4 {[%emt 0:00:29]} 39. Kd4 {[%emt 0:01:49]} Nd6 {
[%emt 0:00:50]} 40. Ne3 {[%emt 0:02:20]} Nd7 {[%emt 0:00:53]} 41. Nf3 {
[%emt 0:02:58]} Nb5+ {[%emt 0:00:00]} 42. Kd3 {[%emt 0:01:05]} Nd6 {
[%emt 0:04:01]} 43. Nd4+ {[%emt 0:06:12]} Kf6 {[%emt 0:00:54]} 44. Ng4+ {
[%emt 0:03:16]} Kg7 {[%emt 0:07:15]} 45. Nf3 {[%emt 0:02:59]} Nb8 {
[%emt 0:01:51]} 46. Kd4 {[%emt 0:01:46]} h5 {[%emt 0:04:00]} 47. Ne3 {
[%emt 0:00:59]} g4 {[%emt 0:00:56]} 48. Nd2 {[%emt 0:00:33]} Na6 {
[%emt 0:05:26]} 49. Kd5 {[%emt 0:01:42]} Nb5 {[%emt 0:00:20]} 50. Nc2 {
[%emt 0:00:10]} g3 {[%emt 0:04:52]} 51. h4 {[%emt 0:04:59]} Kg6 {[%emt 0:03:53]
} 52. Ne4 {[%emt 0:05:30]} Kf5 {[%emt 0:09:02]} 53. Nd6+ {[%emt 0:00:50]} Kg4 {
[%emt 0:02:14]} 54. Nxb5 {[%emt 0:01:17]} Kxh4 {[%emt 0:00:10]} 55. Nbd4 {
[%emt 0:03:00]} Kg4 {[%emt 0:01:05]} 56. Ne2 {[%emt 0:00:46]} h4 {
[%emt 0:00:30]} 57. Ng1 {[%emt 0:00:08]} Nc7+ {[%emt 0:02:55]} 58. Ke4 {
[%emt 0:01:05]} Nb5 {[%emt 0:00:00]} 59. Ne3+ {
1-0 (59) Burri,Q (2422)-Bouget,A (2275) Avoine, France 2019 [%emt 0:02:06]} 1-0

[Event "34ème Open International d'Avoine"]
[Site "AVOINE"]
[Date "2019.07.20"]
[Round "7.9"]
[White "Shirazi, Kamran"]
[Black "Dionisi, Thomas"]
[Result "*"]
[WhiteElo "2343"]
[BlackElo "2405"]
[PlyCount "76"]
[EventDate "2019.??.??"]
[WhiteTeam "Tremblay en France"]
[BlackTeam "C.E. de  Bois-Colombes"]

1. c4 {[%emt 0:07:57]} g6 {[%emt 0:00:19]} 2. Nc3 {[%emt 0:00:31]} Bg7 {
[%emt 0:00:13]} 3. d4 {[%emt 0:00:37]} d6 {[%emt 0:00:25]} 4. e4 {
[%emt 0:00:07]} e5 {[%emt 0:00:16]} 5. Be3 {[%emt 0:00:30]} exd4 {
[%emt 0:00:52]} 6. Bxd4 {[%emt 0:00:02]} Nf6 {[%emt 0:00:09]} 7. f3 {
[%emt 0:12:09]} Nc6 {[%emt 0:00:21]} 8. Bf2 {[%emt 0:00:02]} O-O {
[%emt 0:00:18]} 9. Bd3 {[%emt 0:00:35]} Ne5 {[%emt 0:00:00]} 10. Nge2 {
[%emt 0:04:50]} Nfd7 {[%emt 0:03:30]} 11. b3 {[%emt 0:00:35]} Qg5 {
[%emt 0:16:53]} 12. Bg3 {[%emt 0:01:56]} Qe3 {[%emt 0:05:44]} 13. Nd5 {
[%emt 0:01:12]} Qxd3 {[%emt 0:04:23]} 14. f4 {[%emt 0:04:45]} Qxd1+ {
[%emt 0:00:00]} 15. Rxd1 {[%emt 0:00:04]} Nc6 {[%emt 0:00:31]} 16. Nxc7 {
[%emt 0:00:12]} Rb8 {[%emt 0:00:03]} 17. Nb5 {[%emt 0:00:54]} Nc5 {
[%emt 0:07:26]} 18. Nxd6 {[%emt 0:00:14]} Bg4 {[%emt 0:00:26]} 19. Bf2 {
[%emt 0:02:34]} Ne6 {[%emt 0:03:00]} 20. Be3 {[%emt 0:12:15]} Rfd8 {
[%emt 0:00:21]} 21. c5 {[%emt 0:00:39]} b6 {[%emt 0:08:35]} 22. cxb6 {
[%emt 0:09:04]} Bxe2 {[%emt 0:02:43]} 23. Rc1 {[%emt 0:12:07]} Rxd6 {
[%emt 0:01:53]} 24. bxa7 {[%emt 0:00:05]} Ra8 {[%emt 0:00:00]} 25. e5 {
[%emt 0:00:32]} Rd1+ {[%emt 0:05:53]} 26. Kxe2 {[%emt 0:01:13]} Rxh1 {
[%emt 0:02:05]} 27. Rxh1 {[%emt 0:08:53]} Nxa7 {[%emt 0:00:13]} 28. a4 {
[%emt 0:01:12]} Nc6 {[%emt 0:00:53]} 29. Kd3 {[%emt 0:00:26]} Bf8 {
[%emt 0:03:00]} 30. Rb1 {[%emt 0:03:08]} Rc8 {[%emt 0:03:04]} 31. g4 {
[%emt 0:00:41]} Nb4+ {[%emt 0:05:50]} 32. Ke2 {[%emt 0:00:53]} Rc2+ {
[%emt 0:01:35]} 33. Kf3 {[%emt 0:00:02]} Rc3 {[%emt 0:00:41]} 34. Ke2 {
[%emt 0:01:38]} Nd5 {[%emt 0:00:50]} 35. Bd2 {[%emt 0:00:19]} Nexf4+ {
[%emt 0:02:21]} 36. Kd1 {[%emt 0:01:14]} Bb4 {[%emt 0:01:12]} 37. a5 {
[%emt 0:00:43]} Rd3 {[%emt 0:00:39]} 38. Rb2 {[%emt 0:00:00]} Bxa5 {
Shirazi,K (2343)-Dionisi,T (2405) Avoine, France 2019 [%emt 0:00:11]} *

[Event "34ème Open International d'Avoine"]
[Site "AVOINE"]
[Date "2019.07.20"]
[Round "7.10"]
[White "Lebret, Jean-Michel"]
[Black "Travadon, Loic"]
[Result "0-1"]
[WhiteElo "1996"]
[BlackElo "2403"]
[PlyCount "64"]
[EventDate "2019.??.??"]
[WhiteTeam "Lille Université Club Echiquier du Nord"]
[BlackTeam "Cergy Pontoise Echecs"]

1. e4 {[%emt 0:00:40]} g6 {[%emt 0:00:05]} 2. Be2 {[%emt 0:01:12]} Bg7 {
[%emt 0:00:31]} 3. g4 {[%emt 0:00:07]} d5 {[%emt 0:01:26]} 4. Nc3 {
[%emt 0:04:21]} dxe4 {[%emt 0:00:56]} 5. Nxe4 {[%emt 0:04:17]} Nc6 {
[%emt 0:01:09]} 6. c3 {[%emt 0:03:36]} Nf6 {[%emt 0:01:23]} 7. Nxf6+ {
[%emt 0:01:32]} Bxf6 {[%emt 0:00:00]} 8. d4 {[%emt 0:00:25]} e5 {[%emt 0:01:28]
} 9. d5 {[%emt 0:15:45]} Ne7 {[%emt 0:00:36]} 10. c4 {[%emt 0:00:50]} Bg7 {
[%emt 0:00:39]} 11. h4 {[%emt 0:00:00]} O-O {[%emt 0:00:48]} 12. h5 {
[%emt 0:15:55]} b5 {[%emt 0:07:19]} 13. hxg6 {[%emt 0:03:52]} fxg6 {
[%emt 0:04:22]} 14. Qb3 {[%emt 0:04:38]} bxc4 {[%emt 0:03:59]} 15. Bxc4 {
[%emt 0:01:59]} Qd6 {[%emt 0:00:09]} 16. Bg5 {[%emt 0:00:31]} Rf7 {
[%emt 0:00:59]} 17. f3 {[%emt 0:10:42]} a5 {[%emt 0:01:15]} 18. O-O-O {
[%emt 0:10:50]} a4 {[%emt 0:00:11]} 19. Qb5 {[%emt 0:00:47]} Bd7 {
[%emt 0:02:38]} 20. Qb7 {[%emt 0:00:07]} Raf8 {[%emt 0:00:25]} 21. a3 {
[%emt 0:01:01]} Nc8 {[%emt 0:07:31]} 22. Bd2 {[%emt 0:01:39]} Qc5 {
[%emt 0:01:53]} 23. Qb4 {[%emt 0:00:34]} Qxb4 {[%emt 0:00:03]} 24. Bxb4 {
[%emt 0:00:09]} Nd6 {[%emt 0:00:00]} 25. Be2 {[%emt 0:01:31]} e4 {
[%emt 0:01:08]} 26. fxe4 {[%emt 0:01:30]} Re8 {[%emt 0:00:14]} 27. Bxd6 {
[%emt 0:07:06]} cxd6 {[%emt 0:00:21]} 28. Bf3 {[%emt 0:04:16]} Rc8+ {
[%emt 0:00:14]} 29. Kb1 {[%emt 0:00:48]} Be5 {[%emt 0:00:00]} 30. Rd2 {
[%emt 0:06:00]} Rb8 {[%emt 0:00:34]} 31. Bd1 {[%emt 0:00:10]} Rf1 {
[%emt 0:00:20]} 32. Ka2 {[%emt 0:00:38]} Rxd1 {
0-1 (32) Lebret, J (1996)-Travadon,L (2403) Avoine, France 2019 [%emt 0:00:05]}
0-1

[Event "34ème Open International d'Avoine"]
[Site "AVOINE"]
[Date "2019.07.20"]
[Round "7.11"]
[White "Bouvet, Florian"]
[Black "Sandu, Mihaela"]
[Result "1/2-1/2"]
[WhiteElo "2200"]
[BlackElo "2286"]
[PlyCount "87"]
[EventDate "2019.??.??"]
[WhiteTeam "Echiquier Club Le Mans"]

1. e4 c5 2. Nf3 e6 3. d4 cxd4 4. Nxd4 a6 5. c4 Nf6 6. Nc3 Qc7 7. a3 b6 8. Be2
Bb7 9. f3 d6 10. Be3 Nbd7 11. O-O Be7 12. Qd2 O-O 13. Rfc1 Rfc8 14. a4 Rab8 15.
Kh1 Qd8 16. Rab1 Ne5 17. b3 h5 18. h3 h4 19. f4 Ng6 20. Bf3 Bf8 21. Nde2 Ba8
22. Rd1 Qe8 23. Bf2 Qe7 24. Qe3 Qc7 25. Kg1 Be7 26. Rbc1 Nd7 27. f5 Nge5 28.
fxe6 fxe6 29. Nd4 Nf8 30. Bh5 Bf6 31. Nf3 Nfg6 32. Ne2 Qe7 33. Ned4 Rf8 34. Rf1
Nxf3+ 35. Nxf3 Ne5 36. Rcd1 Nxf3+ 37. Bxf3 Be5 38. Qd2 Bc6 39. Bd4 Bg3 40. Bf2
Bf4 41. Be3 Bg3 42. Bf2 Be5 43. Bd4 Bg3 44. Bf2 1/2-1/2

[Event "34ème Open International d'Avoine"]
[Site "AVOINE"]
[Date "2019.07.20"]
[Round "7.12"]
[White "Demuth, Adrien"]
[Black "Harutyunyan, Safar"]
[Result "1-0"]
[WhiteElo "2502"]
[BlackElo "2149"]
[PlyCount "51"]
[EventDate "2019.??.??"]
[WhiteTeam "Nice Alekhine"]
[BlackTeam "Echiquier Club Le Mans"]

1. Nf3 Nf6 2. c4 e6 3. Nc3 Bb4 4. Qc2 O-O 5. a3 Bxc3 6. Qxc3 d6 7. e3 Nbd7 8.
Be2 b6 9. O-O Bb7 10. b4 Ne4 11. Qc2 Ng5 12. Ne1 f5 13. Bb2 f4 14. f3 e5 15.
exf4 Rxf4 16. Nd3 Rf8 17. c5 bxc5 18. bxc5 Bd5 19. f4 Ne6 20. Nb4 Bxg2 21. Kxg2
Nxf4+ 22. Kh1 Nxc5 23. Bf3 a5 24. Nc6 Qe8 25. Nxe5 dxe5 26. Qxc5 1-0

[Event "34ème Open International d'Avoine"]
[Site "AVOINE"]
[Date "2019.07.20"]
[Round "7.13"]
[White "Daeschler, Florian"]
[Black "Frick, Christoph"]
[Result "1-0"]
[WhiteElo "2334"]
[BlackElo "2134"]
[PlyCount "65"]
[EventDate "2019.??.??"]
[WhiteTeam "Club d'Echecs de Mundolsheim"]
[BlackTeam "Mulhouse Philidor"]

1. d4 d5 2. c4 c6 3. Nf3 Nf6 4. e3 Bg4 5. h3 Bxf3 6. Qxf3 e6 7. Nc3 Nbd7 8. Bd2
Bb4 9. Bd3 Qe7 10. a3 Bd6 11. cxd5 exd5 12. b4 Bc7 13. b5 O-O 14. bxc6 bxc6 15.
O-O Rfe8 16. Rfc1 Rab8 17. Nb5 Bh2+ 18. Kxh2 cxb5 19. Bb4 Qd8 20. Qf4 Nf8 21.
Qc7 a6 22. Qxd8 Rexd8 23. Rc6 Ra8 24. a4 bxa4 25. Rxa4 a5 26. Rxa5 Rxa5 27.
Bxa5 Ra8 28. Bb4 Ne6 29. Be7 Ne8 30. Bf5 N8c7 31. Bg4 g6 32. Bf3 Kg7 33. Bd6
1-0

[Event "34ème Open International d'Avoine"]
[Site "AVOINE"]
[Date "2019.07.20"]
[Round "7.14"]
[White "Eugene, Floryan"]
[Black "Gely, Yann"]
[Result "1-0"]
[WhiteElo "2300"]
[BlackElo "2110"]
[PlyCount "69"]
[EventDate "2019.??.??"]
[WhiteTeam "Echiquier de l'Erdre"]
[BlackTeam "Echiquier de l'Erdre"]

1. e4 c5 2. Nf3 g6 3. d4 cxd4 4. Nxd4 Nc6 5. c4 Bg7 6. Be3 Nf6 7. Nc3 d6 8. Be2
Bd7 9. O-O O-O 10. h3 Nxd4 11. Bxd4 Bc6 12. Qc2 a5 13. Rad1 Nd7 14. Bxg7 Kxg7
15. Bg4 Ne5 16. c5 Nxg4 17. hxg4 Qc8 18. cxd6 Qxg4 19. dxe7 Rfe8 20. Nd5 Bxd5
21. Qc3+ Kg8 22. exd5 Rxe7 23. d6 Rd7 24. Rfe1 Rad8 25. Rd4 Qg5 26. Rde4 f5 27.
Re7 Rxe7 28. Rxe7 Qh6 29. d7 Qf8 30. Qc4+ Kh8 31. Qd4+ Kg8 32. Qd5+ Kh8 33.
Qe5+ Kg8 34. Qe6+ Kh8 35. Re8 1-0